Gebirgsgruppen der Alpen - Statistiken

Allgemein
  • Dieses Quiz wurde 47 mal gespielt
  • Das Durchschnittsergebnis liegt bei 7 aus 107
Antworten auf der Karte
Die Antworten werden auf der Karte rot bzw. grün angezeigt, abhängig davon wie oft sie richtig erraten wurden.
 
Antwortstatistiken
Antwort % Korrekt
Allgäuer Alpen
71%
Bayerische Voralpen
71%
Berchtesgadener Alpen
57%
Ammergauer Alpen
43%
Chiemgauer Alpen
43%
Dolomiten
43%
Berner Alpen
29%
Julische Alpen
29%
WalliserAlpen
29%
Wienerwald
29%
Brandenberger Alpen
14%
Cottische Alpen
14%
Glocknergruppe
14%
Goldberggruppe
14%
Granatspitzgruppe
14%
Karawanken und Bacher-Gebirge
14%
Karnischer Hauptkamm
14%
Karwendel
14%
Kitzbüheler Alpen
14%
Kreuzeckgruppe
14%
Loferer und Leoganger Steinberge
14%
Rieserfernergruppe
14%
Salzburger Schieferalpen
14%
Schobergruppe
14%
Südliche Karnische Alpen
14%
Wetterstein und Mieminger Gebirge
14%
Adamello-Presanella-Gruppe
0%
Albula-Alpen
0%
Ankogelgruppe
0%
Appenzeller Alpen
0%
Bauget-Alpen
0%
Belledonne-Gruppe
0%
Bergamasker-Alpen
0%
Bernina-Alpen
0%
Bornes-Alpen
0%
Bregenzerwaldgebirge
0%
Brenta-Gruppe
0%
Chablais-Alpen
0%
Charbonnel-Gruppe
0%
Chartreuse-Gruppe
0%
Dachsteingebirge
0%
Adula Alpen
0%
Drôme-Alpen
0%
Emmentaler Alpen
0%
Ennstaler Alpen
0%
Fleimstaler Alpen
0%
Freiburger Alpen
0%
Gailtaler Alpen
0%
Gardasee-Berge
0%
Glarner Alpen
0%
Gotthard-Gruppe
0%
Gurktaler Alpen
0%
Gutensteiner Alpen
0%
Hochschwabgruppe
0%
Kaisergebirge
0%
Lauziér
0%
Lavanttaler Alpen
0%
Lechquellengebirge
0%
Lechtaler Alpen
0%
Leone-Gruppe
0%
Ligurische Voralpen
0%
Livigno-Alpen
0%
Mont-Blanc-Gruppe
0%
Mürzsteger Alpen
0%
Nonsberggruppe
0%
Oberösterreichische Voralpen
0%
Ortler-Alpen
0%
Ötztaler Alpen
0%
Paradiso-Gruppe
0%
Pelvoux-Gruppe
0%
Platta-Gruppe
0%
Plessur-Alpen
0%
Provenzialische Alpen
0%
Provenzialische Voralpen
0%
Radstädter Tauer
0%
Randgebirge östlich der Mur
0%
Rätikon
0%
Rax-Schneeberg-Gruppe
0%
Rottenmanner und Wölzer Tauern
0%
Rutor-Gruppe
0%
Salzkammergut-Berge
0%
Samnaun-Gruppe
0%
Sarntaler Alpen
0%
Schladminger Tauern
0%
Schwyzer Alpen
0%
Seckauer Tauern
0%
Seealpen
0%
Sesvenna-Gruppe
0%
Silvretta
0%
Sobretta-Gavia-Gruppe
0%
Steiner Alpen
0%
Stubaier Alpen
0%
Tambogruppe
0%
Tennengebirge
0%
Tessiner Alpen
0%
Thabor-Gruppe
0%
Totes Gebirge
0%
Türnitzer Alpen
0%
Tuxer Alpen
0%
Urner Alpen
0%
Vanoise-Massiv
0%
Venedigergruppe
0%
Verwall
0%
Villgratner Berge
0%
Vizentiner Alpen
0%
Ybbstaler Alpen
0%
Zillertaler Alpen
0%
Keine übereinstimmenden Quizze gefunden
Verteilung der Resultate
Anzahl Personen mit jedem Resultat
Perzentil nach korrekt beantworteten Fragen
Ihre Resultats-Entwicklung
Sie haben dieses Quiz noch nicht gespielt